| 000 -LEADER |
| fixed length control field |
01185nam a22001577a 4500 |
| 008 - FIXED-LENGTH DATA ELEMENTS--GENERAL INFORMATION |
| fixed length control field |
210710b ||||| |||| 00| 0 eng d |
| 100 ## - MAIN ENTRY--PERSONAL NAME |
| Personal name |
Flink, Gunther, Jack, B. and Kelsey, Masiye |
| 245 ## - TITLE STATEMENT |
| Title |
Seasonal liquidity, rural labor markets, and agricultural production |
| 260 ## - PUBLICATION, DISTRIBUTION, ETC. (IMPRINT) |
| Place of publication, distribution, etc |
The American Economic Review |
| 300 ## - PHYSICAL DESCRIPTION |
| Extent |
110(11), Nov, 2020: p.3351-3392 |
| 520 ## - SUMMARY, ETC. |
| Summary, etc |
Rural economies in many developing countries are characterized by a lean season in the months preceding harvest, when farmers have depleted their cash and grain savings from the previous year. To identify the impacts of liquidity during the lean season, we offered subsidized loans in randomly selected villages in rural Zambia. Ninety-eight percent of households took up the loan. Loan eligibility led to increases in on-farm labor and agricultural output, driving up wages in local labor markets. Larger effects for poorer households suggest that liquidity constraints contribute to inequality in rural economies. - Reproduced |
| 650 ## - SUBJECT ADDED ENTRY--TOPICAL TERM |
| Topical term or geographic name as entry element |
Seasonal liquidity, Rural labor markets, Agricultural production |
| 9 (RLIN) |
26434 |
| 773 ## - HOST ITEM ENTRY |
| Main entry heading |
The American Economic Review |
| 906 ## - LOCAL DATA ELEMENT F, LDF (RLIN) |
| Subject DIP |
LABOUR MARKET |
| 942 ## - ADDED ENTRY ELEMENTS (KOHA) |
| Item type |
Articles |